Statistics for Solve the Secret Capital City #3

Click here to take the quiz!

General Stats

  • This quiz has been taken 1,612 times
  • The average score is 14 of 27

Answer Stats

Scramble Capital City % Correct
AAOTTWOttawa
96%
AAIPApia
95%
ABEGRZZagreb
91%
AABDDGHBaghdad
91%
ABGOOTBogota
86%
KOOTYTokyo
74%
IKMNSMinsk
72%
AABRTRabat
72%
CERSUSucre
70%
CHKLMOOSTStockholm
66%
AABEILLRVZZBrazzaville
54%
AADLNULuanda
52%
ADGHIMOSUMogadishu
51%
AABIILRSBrasilia
47%
AIIKLPRPalikir
41%
AADEJMNNN'Djamena
38%
AADHKMNTUKathmandu
37%
BEGLMORUUXLuxembourg
35%
AEIOPRRTPretoria
35%
AFFINTUUFunafuti
27%
ACINNOSUAsunçion
26%
ABDEPSTUBudapest
25%
Secret Capital CityDAMASCUS
24%
AAAGMNUManagua
22%
AAABILRSTVBratislava
22%
ABELMNOPBelmopan
20%
ACEIRSSTCastries
15%

Score Distribution

Percentile by Number Answered

Percent of People with Each Score

Your Score History

You have not taken this quiz